01371nam a2200193 4500001000500000005001700005020001800022090001600040100001800056245004500074260004000119300002000159520065900179650004600838650004000884651008800924999001501012952015001027554520181127175738.000a978938184186000aFIC G2316w 00aGarg, Sachin.00aWe need a revolution /bcSachin Garg.h00aNew Delhi :bGrapevine India,cn.d.00a268 p. ; 22 cm. aShubhrodeep Shyamchaudhary is a drifter travelling across India, who has a weakness that whenever he sees some injustice happening with anybody, he cannot resist getting involved. When he reaches the Andamans, as innocent people face rapes, disease, violence and inhumane treatment, he decides to do something about it. But how much is he and his bunch of friends willing to endure? Can regular people, with regular lives, rise against all odds and stand up for their ideals? Number one bestselling author Sachin Garg brings to you a roller coaster of human relationships, love, letting go and finding the strength to bring about Revolution. aJarawa (Indic people)--Fiction.vxyz200aInterpersonal relations-- Fictionx aAndaman and Nicobar Islands (India) -- Social life and customs-- Fiction.vxyz2 c4670d4670 00102ddc40708FICaRTCLIBbRTCLIBcFICd2021-03-01h i8902l7m1oFIC 813.54 GARp30009066r2023-05-19 00:00:00s2023-04-21w2018-11-27yFIC